Țările Europei ca hexagoane - Statistics

General Stats
  • This quiz has been taken 11 times
  • The average score is 6 of 20
Answer Stats
Picture Answer % Correct
Italia
100%
Spania
78%
Moldova
56%
Cehia
44%
Austria
33%
Germania
33%
Polonia
33%
Belgia
22%
Letonia
22%
Liechtenstein
22%
Lituania
22%
Norvegia
22%
Portugalia
22%
România
22%
Albania
11%
Belarus
11%
Bosnia și Herțegovina
11%
Irlanda
11%
Muntenegru
11%
Ucraina
11%
No matching quizzes found
Score Distribution
Percent of People with Each Score
Percentile by Number Answered
Your Score History
You have not taken this quiz